Control of white root disease using antagonistic plants integrated with other preventive methods on rubber plantation (Record no. 56337)

MARC details
000 -LEADER
fixed length control field 00585nam a2200133Ia 4500
100 ## - MAIN ENTRY--AUTHOR NAME
Personal name Munir Misbakhul
245 #0 - TITLE STATEMENT
Title Control of white root disease using antagonistic plants integrated with other preventive methods on rubber plantation
260 ## - PUBLICATION, DISTRIBUTION, ETC. (IMPRINT)
Name of publisher International Workshop on White Root Disease of Hevea Rubber: New Directions & Strategies in Management, IRRDB & Rubber Research Institute of Sri Lanka, Sri Lanka, pp.38-47.
650 ## - SUBJECT ADDED ENTRY--TOPICAL TERM
Topical Term Disease control
650 ## - SUBJECT ADDED ENTRY--TOPICAL TERM
Topical Term White root disease
700 ## - ADDED ENTRY--PERSONAL NAME
Personal name Suryaningtyas Heru
942 ## - ADDED ENTRY ELEMENTS (KOHA)
Koha item type Journals
Holdings
Withdrawn status Lost status Damaged status Not for loan Home library Current library Shelving location Date acquired Koha item type
      Journals RRII Library RRII Library Pathology 17/12/2021 Journals